[Event "ch-EUR Women Rapid"]
[Site "Monaco MNC"]
[Date "2017.10.22"]
[EventDate "2017.10.21"]
[Round "6.6"]
[Result "1-0"]
[White "Natalia Pogonina"]
[Black "Inna Gaponenko"]
[WhiteElo "2466"]
[BlackElo "2433"]
[PlyCount "83"]

1. d4 d5 2. c4 e6 3. Nf3 Nf6 4. g3 dxc4 5. Bg2 a6 6. O-O Nc6
7. Bg5 Be7 8. e3 Rb8 9. Qe2 b5 10. b3 cxb3 11. axb3 O-O
12. Nc3 Bb7 13. Rfc1 Nb4 14. Na2 Nxa2 15. Qxa2 h6 16. Bxf6
Bxf6 17. Qb2 Rc8 18. b4 Qd6 19. Rc5 Rfd8 20. Rac1 Be7 21. Ne5
Bxg2 22. Kxg2 Bf8 23. Kg1 Re8 24. Nd3 f6 25. Rc6 Qe7 26. Rxa6
e5 27. d5 e4 28. Nc5 Qe5 29. Qb3 Bd6 30. Nb7 Ra8 31. Ra5 Reb8
32. Rxb5 Ra1 33. Rxa1 Qxa1+ 34. Kg2 Ra8 35. Ra5 Rxa5 36. bxa5
Kh7 37. Qc4 f5 38. a6 Qd1 39. Qd4 Qb1 40. Nxd6 cxd6 41. Qa4 f4
42. gxf4 1-0

[Event "ch-EUR Women Rapid"]
[Site "Monaco MNC"]
[Date "2017.10.22"]
[EventDate "2017.10.21"]
[Round "7.2"]
[Result "1-0"]
[White "Natalia Pogonina"]
[Black "Nana Dzagnidze"]
[WhiteElo "2466"]
[BlackElo "2520"]
[PlyCount "75"]

1. d4 d5 2. c4 e6 3. Nf3 Nf6 4. g3 Bb4+ 5. Bd2 Bd6 6. Nc3 Nc6
7. cxd5 exd5 8. Bg5 Be6 9. Bg2 O-O 10. O-O h6 11. Bxf6 Qxf6
12. e4 Bb4 13. exd5 Bxc3 14. dxc6 Bxb2 15. Rb1 Bc3 16. cxb7
Rad8 17. Qa4 Bd5 18. Qxa7 Rb8 19. Qc5 Bxf3 20. Qxc3 Bxg2
21. Kxg2 Qa6 22. Qxc7 Qxa2 23. Rfc1 Qd5+ 24. Kg1 Kh7 25. Qc5
Qd7 26. d5 Rfd8 27. Qc6 Qe7 28. Rb6 Rd7 29. d6 Qd8 30. Qd5
Qxb6 31. Qf5+ g6 32. Qxd7 Rxb7 33. Rc7 Qb1+ 34. Kg2 Qe4+
35. Kh3 Qc4 36. Rxb7 Qf1+ 37. Kh4 g5+ 38. Kh5 1-0

[Event "ch-EUR Women Rapid"]
[Site "Monaco MNC"]
[Date "2017.10.22"]
[EventDate "2017.10.21"]
[Round "8.2"]
[Result "1-0"]
[White "Aleksandra Goryachkina"]
[Black "Natalia Pogonina"]
[WhiteElo "2478"]
[BlackElo "2466"]
[PlyCount "69"]

1. e4 e5 2. Nf3 Nc6 3. d4 exd4 4. Nxd4 Bc5 5. Be3 Qf6 6. c3
Nge7 7. Be2 b6 8. O-O O-O 9. b4 Nxd4 10. Bxd4 Bxd4 11. cxd4
Bb7 12. Nc3 c5 13. bxc5 bxc5 14. e5 Qg6 15. d5 Qf5 16. f4 d6
17. Rb1 Rab8 18. Bd3 Qd7 19. Be4 Ba8 20. Rxb8 Rxb8 21. Qd3 g6
22. Bf3 Kg7 23. Re1 Qf5 24. Qd2 Rb4 25. exd6 Nc8 26. Ne4 Rd4
27. Qc3 Nb6 28. Nxc5 Qf6 29. Ne4 Nxd5 30. Nxf6 Nxc3 31. Ne8+
Kf8 32. Bxa8 Rxf4 33. d7 Rd4 34. Nf6 Kg7 35. Nd5 1-0

[Event "ch-EUR Women Rapid"]
[Site "Monaco MNC"]
[Date "2017.10.22"]
[EventDate "2017.10.21"]
[Round "9.3"]
[Result "0-1"]
[White "Natalia Pogonina"]
[Black "Kateryna Lahno"]
[WhiteElo "2466"]
[BlackElo "2541"]
[PlyCount "90"]

1. d4 Nf6 2. Nf3 g6 3. c4 Bg7 4. e3 c5 5. d5 d6 6. Nc3 e6
7. e4 exd5 8. exd5 O-O 9. Be2 Bf5 10. O-O Ne4 11. Nxe4 Bxe4
12. Qb3 b6 13. Ng5 Bf5 14. Bd3 Bxd3 15. Qxd3 Nd7 16. Qc2 Ne5
17. Ne4 h6 18. f4 Ng4 19. h3 Bd4+ 20. Kh1 Qh4 21. Bd2 f5
22. Be1 Qe7 23. Nc3 Ne3 24. Qe2 Rae8 25. Rf3 Nxd5 26. Qxe7
Nxe7 27. Nb5 Bxb2 28. Rb1 Nc8 29. Rd3 Re6 30. Nc7 Re4 31. Nb5
Bf6 32. Nxd6 Nxd6 33. Rxd6 Rxc4 34. Bg3 Re4 35. Rc6 Kg7
36. Rd1 Bd4 37. a4 Rf6 38. Rc8 Rf7 39. Rc6 g5 40. fxg5 hxg5
41. a5 bxa5 42. Ra6 Rfe7 43. Bb8 f4 44. Rxa7 Rxa7 45. Bxa7 a4
0-1

[Event "ch-EUR Women Rapid"]
[Site "Monaco MNC"]
[Date "2017.10.22"]
[EventDate "2017.10.21"]
[Round "10.9"]
[Result "0-1"]
[White "Alina Kashlinskaya"]
[Black "Natalia Pogonina"]
[WhiteElo "2455"]
[BlackElo "2466"]
[PlyCount "128"]

1. d4 Nf6 2. c4 e6 3. Nc3 d5 4. Nf3 Nbd7 5. cxd5 exd5 6. Bf4
c6 7. e3 Nh5 8. Bg5 Be7 9. Bxe7 Qxe7 10. Qc2 Nb6 11. h3 g6
12. g4 Ng7 13. O-O-O Be6 14. Kb1 O-O-O 15. Na4 Nxa4 16. Qxa4
Kb8 17. Rd3 Bc8 18. Ra3 Qe4+ 19. Bd3 Qxf3 20. Qxa7+ Kc7
21. Rc1 Rd6 22. Rb3 Ne6 23. e4 Nd8 24. e5 Re6 25. Bf5 Qxf2
26. Qb6+ Kd7 27. Bxe6+ Nxe6 28. Rb4 Rd8 29. a4 Ke7 30. a5 Qe2
31. Rb3 Kf8 32. Qb4+ Kg7 33. Qe7 Rf8 34. a6 bxa6 35. Rb8 Nxd4
36. Qc7 Qe4+ 37. Ka2 Nb5 38. Qxc6 Be6 39. Rxf8 Qa4+ 40. Kb1
Kxf8 41. Qc5+ Kg7 42. Re1 d4 43. Qe7 Ba2+ 44. Kc1 Qc4+ 45. Kd2
Qe6 46. Qd8 Bc4 47. g5 Qd5 48. Qxd5 Bxd5 49. Ra1 Bb7 50. Kd3
Kf8 51. Rf1 Bd5 52. Rf4 Ke7 53. Rh4 Ke6 54. Rxh7 Kxe5 55. h4
Be4+ 56. Kd2 Nd6 57. b3 Bd5 58. h5 Ne4+ 59. Ke1 d3 60. hxg6
d2+ 61. Ke2 Bxb3 62. Rh1 d1=Q+ 63. Rxd1 Bxd1+ 64. Kxd1 fxg6
0-1

[Event "ch-EUR Women Rapid"]
[Site "Monaco MNC"]
[Date "2017.10.22"]
[EventDate "2017.10.21"]
[Round "11.4"]
[Result "1/2-1/2"]
[White "Natalia Pogonina"]
[Black "Olga Girya"]
[WhiteElo "2466"]
[BlackElo "2505"]
[PlyCount "55"]

1. d4 d5 2. c4 e6 3. Nf3 Nf6 4. g3 Be7 5. Bg2 O-O 6. O-O Nbd7
7. Qc2 c6 8. Nbd2 b6 9. e4 dxc4 10. Nxc4 Bb7 11. e5 Nd5 12. b3
c5 13. Bb2 Rc8 14. dxc5 Bxc5 15. Qe2 b5 16. Ncd2 b4 17. Ne4
Be7 18. Rfc1 Nc5 19. Nxc5 Bxc5 20. Nd2 Qb6 21. Nc4 Qb5 22. Rc2
Rfd8 23. Rac1 Bf8 24. Qg4 Qd7 25. Qd4 Bc5 26. Qg4 Bf8 27. Qd4
Bc5 28. Qg4 1/2-1/2

[Event "ch-EUR Women Blitz"]
[Site "Monaco MNC"]
[Date "2017.10.23"]
[EventDate "2017.10.23"]
[Round "3.8"]
[Result "1-0"]
[White "Natalia Pogonina"]
[Black "Nino Maisuradze"]
[WhiteElo "2466"]
[BlackElo "2240"]
[PlyCount "65"]

1. d4 Nf6 2. Nf3 c5 3. d5 e6 4. c4 exd5 5. cxd5 d6 6. Nc3 g6
7. Bf4 a6 8. a4 Bg7 9. e3 O-O 10. h3 Qe7 11. Bd3 Nbd7 12. O-O
Nh5 13. Bh2 f5 14. Re1 Ne5 15. Nxe5 Bxe5 16. Bxe5 Qxe5 17. a5
f4 18. exf4 Qxf4 19. Qc2 Qg5 20. Re3 Nf4 21. Rg3 Qe5 22. Bf1
Bf5 23. Qd2 Rae8 24. Re3 Qd4 25. Rd1 Qb4 26. Rxe8 Rxe8 27. Re1
Rxe1 28. Qxe1 Kf7 29. Kh2 Qd4 30. Qe3 Qxe3 31. fxe3 Nh5 32. g4
Ng7 33. gxf5 1-0

[Event "ch-EUR Women Blitz"]
[Site "Monaco MNC"]
[Date "2017.10.23"]
[EventDate "2017.10.23"]
[Round "4.1"]
[Result "1/2-1/2"]
[White "Kateryna Lahno"]
[Black "Natalia Pogonina"]
[WhiteElo "2541"]
[BlackElo "2466"]
[PlyCount "52"]

1. e4 e5 2. Nf3 Nc6 3. Bb5 a6 4. Ba4 Nf6 5. O-O b5 6. Bb3 Bb7
7. d3 Be7 8. a4 O-O 9. Re1 d6 10. Nc3 Na5 11. Ba2 b4 12. Ne2
c5 13. Ng3 b3 14. Bxb3 Nxb3 15. cxb3 Bc8 16. b4 cxb4 17. d4
Bb7 18. b3 exd4 19. Nxd4 Re8 20. Bb2 Bf8 21. Qd3 Nd7 22. Ngf5
Qg5 23. Nf3 Qg6 24. N3h4 Qg5 25. Nf3 Qg6 26. N3h4 Qg5 1/2-1/2

[Event "ch-EUR Women Blitz"]
[Site "Monaco MNC"]
[Date "2017.10.23"]
[EventDate "2017.10.23"]
[Round "8.9"]
[Result "1/2-1/2"]
[White "Olga Girya"]
[Black "Natalia Pogonina"]
[WhiteElo "2505"]
[BlackElo "2466"]
[PlyCount "177"]

1. d4 Nf6 2. c4 e6 3. Nf3 d5 4. Nc3 Nbd7 5. Bf4 Bd6 6. Bxd6
cxd6 7. cxd5 Nxd5 8. e4 Nxc3 9. bxc3 O-O 10. Bd3 Qa5 11. Qd2
e5 12. O-O Nf6 13. Rab1 a6 14. h3 Rb8 15. Rfe1 Be6 16. Rb2
Rfc8 17. Rc2 h6 18. Rb1 Rc7 19. d5 Bc8 20. c4 Qxd2 21. Nxd2
Nd7 22. Rcb2 Nc5 23. Bc2 Kf8 24. Rb6 Ke7 25. f3 Bd7 26. Kf2
Rf8 27. R6b4 Kd8 28. Nb3 Nxb3 29. axb3 Ke7 30. Rb6 Bc8 31. Bd3
f5 32. Ke2 fxe4 33. Bxe4 Bf5 34. Ke3 Bxe4 35. fxe4 Rf6 36. Rb2
Kd7 37. Rf2 Rxf2 38. Kxf2 Ke7 39. Ke3 Kd7 40. Kd3 Ke7 41. b4
Kd7 42. Kc3 Ke7 43. Kb3 Kd7 44. h4 h5 45. g3 g6 46. Kc3 Ke7
47. Kd3 Kd7 48. c5 dxc5 49. bxc5 Rxc5 50. Rxb7+ Kd8 51. Rb6
Ra5 52. Rxg6 Ra3+ 53. Kc4 Ra4+ 54. Kc5 Rxe4 55. Rxa6 Rg4
56. Ra8+ Kc7 57. Ra7+ Kb8 58. Rh7 Rxg3 59. Rxh5 Rg4 60. Kd6 e4
61. Rh8+ Kb7 62. h5 e3 63. Re8 Rg3 64. h6 Rh3 65. Re6 e2
66. Kc5 Kc7 67. Re7+ Kd8 68. Rxe2 Rxh6 69. Rg2 Kd7 70. Rg7+
Kd8 71. Ra7 Rg6 72. Ra4 Rh6 73. Re4 Rg6 74. Re3 Kd7 75. Rf3
Rh6 76. Rf7+ Kd8 77. Ra7 Rg6 78. Rb7 Rh6 79. Rf7 Rg6 80. Kd4
Rh6 81. Ke5 Ra6 82. Rf6 Rxf6 83. Kxf6 Kd7 84. Ke5 Ke7 85. d6+
Kd7 86. Kd5 Kd8 87. Ke6 Ke8 88. d7+ Kd8 89. Kd6 1/2-1/2

[Event "ch-EUR Women Blitz"]
[Site "Monaco MNC"]
[Date "2017.10.23"]
[EventDate "2017.10.23"]
[Round "9.10"]
[Result "1/2-1/2"]
[White "Natalia Pogonina"]
[Black "Annmarie Muetsch"]
[WhiteElo "2466"]
[BlackElo "2133"]
[PlyCount "85"]

1. d4 Nf6 2. Nf3 e6 3. c4 Bb4+ 4. Nbd2 b6 5. a3 Bxd2+ 6. Qxd2
Bb7 7. e3 d5 8. Be2 O-O 9. O-O Nbd7 10. Qc2 c5 11. dxc5 Nxc5
12. b4 Nce4 13. Bb2 Qe7 14. Qb3 dxc4 15. Bxc4 Rac8 16. Rac1
Bd5 17. Bxd5 Nxd5 18. h3 h6 19. Rfd1 Rfd8 20. Rxc8 Rxc8
21. Qd3 Nef6 22. e4 Nf4 23. Qe3 Ng6 24. Rc1 Rxc1+ 25. Bxc1 Qc7
26. Bb2 Nd7 27. Qd4 Nf6 28. b5 Qd7 29. Qxd7 Nxd7 30. Nd4 Nc5
31. Nc6 a6 32. bxa6 Nxa6 33. Bd4 b5 34. g3 Kf8 35. Kf1 f6
36. Ke2 Ne7 37. Nd8 e5 38. Bc3 Ke8 39. Ne6 Kf7 40. Nd8+ Ke8
41. Ne6 Kf7 42. Nd8+ Ke8 43. Ne6 1/2-1/2

[Event "ch-EUR Women Blitz"]
[Site "Monaco MNC"]
[Date "2017.10.23"]
[EventDate "2017.10.23"]
[Round "10.8"]
[Result "0-1"]
[White "Alina Kashlinskaya"]
[Black "Natalia Pogonina"]
[WhiteElo "2455"]
[BlackElo "2466"]
[PlyCount "78"]

1. d4 Nf6 2. c4 e6 3. Nc3 d5 4. cxd5 exd5 5. Bg5 c6 6. e3 Bf5
7. Bd3 Bxd3 8. Qxd3 Be7 9. Nge2 Nbd7 10. Ng3 g6 11. O-O-O Ng4
12. Bxe7 Qxe7 13. Qe2 Ngf6 14. Kb1 O-O-O 15. Na4 Ne4 16. f3
Nxg3 17. hxg3 f5 18. Rd3 h5 19. Rb3 h4 20. Rc1 Qd6 21. gxh4
Rxh4 22. Rxc6+ Qxc6 23. Rc3 Qxc3 24. Nxc3 Nb6 25. Qb5 Rh1+
26. Kc2 Rh2 27. Qc5+ Kb8 28. Qe7 Rxg2+ 29. Kb3 Rc8 30. Qd6+
Ka8 31. Nxd5 Rxb2+ 32. Kxb2 Nc4+ 33. Kb3 Nxd6 34. Ne7 Re8
35. Nxg6 Rxe3+ 36. Kb4 Rxf3 37. Ne5 Rf2 38. Kc5 Ne4+ 39. Kd5
Rxa2 0-1

[Event "ch-EUR Women Blitz"]
[Site "Monaco MNC"]
[Date "2017.10.23"]
[EventDate "2017.10.23"]
[Round "11.7"]
[Result "0-1"]
[White "Natalia Pogonina"]
[Black "Nana Dzagnidze"]
[WhiteElo "2466"]
[BlackElo "2520"]
[PlyCount "110"]

1. d4 d5 2. c4 dxc4 3. Nf3 Nf6 4. e3 a6 5. Bxc4 e6 6. O-O c5
7. dxc5 Bxc5 8. Qxd8+ Kxd8 9. Rd1+ Ke7 10. Be2 Nc6 11. a3 Bd7
12. b4 Ba7 13. Bb2 Rhd8 14. Nbd2 h6 15. Nb3 Be8 16. Nfd4 Nxd4
17. Bxd4 Bxd4 18. Nxd4 Rac8 19. Bf3 Rc7 20. Rac1 Rdc8
21. Rxc7+ Rxc7 22. Kf1 g6 23. Nb3 Ba4 24. Rb1 Rc3 25. Nc5 Bb5+
26. Ke1 b6 27. Nb3 e5 28. Be2 Ba4 29. Nd2 b5 30. Ra1 Ke6
31. Bf3 Rc7 32. Ke2 g5 33. h3 h5 34. g3 g4 35. hxg4 hxg4
36. Bg2 Bc2 37. Ke1 e4 38. Bf1 Ba4 39. Bg2 Ke5 40. Bf1 Rc3
41. Be2 Rc8 42. Bf1 Nd5 43. Be2 f5 44. Bd1 Rh8 45. Bxa4 bxa4
46. Rc1 Rh1+ 47. Nf1 Rh7 48. Rc5 Rc7 49. Rxc7 Nxc7 50. Nd2 Kd5
51. Kd1 Nb5 52. Kc2 Nxa3+ 53. Kb2 Nc4+ 54. Nxc4 Kxc4 55. Ka3
Kb5 0-1

[Event "ch-EUR Women Blitz"]
[Site "Monaco MNC"]
[Date "2017.10.23"]
[EventDate "2017.10.23"]
[Round "12.10"]
[Result "1-0"]
[White "Ana Srebrnic"]
[Black "Natalia Pogonina"]
[WhiteElo "2196"]
[BlackElo "2466"]
[PlyCount "46"]

1. Nf3 d5 2. d4 Nf6 3. c4 e6 4. cxd5 exd5 5. Nc3 Bf5 6. Bg5 c6
7. Qb3 b6 8. Bxf6 Qxf6 9. e3 Nd7 10. Ba6 Rd8 11. O-O Bg4
12. Ne5 Nxe5 13. dxe5 Qxe5 14. Qa4 Bd7 15. Bb7 Qc7 16. Ba6 Bd6
17. e4 O-O 18. exd5 Bxh2+ 19. Kh1 cxd5 20. Qh4 Be5 21. Nxd5
Qc5 22. Bd3 h6 23. Qe4 f5 1-0

[Event "Russian Superfinals (Women)"]
[Site "St Petersburg RUS"]
[Date "2017.12.03"]
[EventDate "2017.12.03"]
[Round "1.1"]
[Result "1/2-1/2"]
[White "Aleksandra Goryachkina"]
[Black "Natalia Pogonina"]
[WhiteElo "2486"]
[BlackElo "2469"]
[PlyCount "101"]

1. d4 Nf6 2. c4 e6 3. Nc3 d5 4. cxd5 exd5 5. Bg5 c6 6. e3 Be7
7. Bd3 Nbd7 8. Qc2 Nh5 9. Bxe7 Qxe7 10. Nge2 Nb6 11. O-O g6
12. Rab1 a5 13. a3 Ng7 14. b4 axb4 15. axb4 Bf5 16. Nf4 Bxd3
17. Nxd3 Nc4 18. b5 O-O 19. Rb3 Nf5 20. Qc1 Ra7 21. bxc6 bxc6
22. Nb2 Nfd6 23. Nxc4 Nxc4 24. Nd1 Rc7 25. Nb2 c5 26. dxc5
Nxb2 27. Qxb2 Rxc5 28. h3 Rfc8 29. Rb8 Rxb8 30. Qxb8+ Kg7
31. Qb4 Kg8 32. Rd1 Qc7 33. Qa4 h5 34. g3 Kh7 35. Qd4 Qc6
36. Kg2 Ra5 37. h4 Rc5 38. Kg1 Rc1 39. Rxc1 Qxc1+ 40. Kg2 Qc6
41. Qf4 Kg8 42. Qb8+ Kg7 43. Qe5+ Kg8 44. Qd4 Qe6 45. Qb2 Qe4+
46. Kf1 Qc4+ 47. Ke1 Qd3 48. Qb8+ Kg7 49. Qb4 Kg8 50. Qb2 Kh7
51. Qb4 1/2-1/2

[Event "Russian Superfinals (Women)"]
[Site "St Petersburg RUS"]
[Date "2017.12.04"]
[EventDate "2017.12.03"]
[Round "2.1"]
[Result "1-0"]
[White "Natalia Pogonina"]
[Black "Marina Romanko Nechaeva"]
[WhiteElo "2469"]
[BlackElo "2424"]
[PlyCount "91"]

1. d4 d5 2. c4 c6 3. e3 Nf6 4. Nc3 e6 5. Nf3 Nbd7 6. Qc2 Bd6
7. Bd3 O-O 8. O-O dxc4 9. Bxc4 a6 10. Rd1 b5 11. Bd3 Qc7
12. Bd2 c5 13. Ne4 c4 14. Nxd6 Qxd6 15. Be2 Bb7 16. b3 Bd5
17. Qb2 Rfc8 18. Rac1 Ne4 19. Be1 Qe7 20. Bf1 Rab8 21. Ba5 f5
22. Nd2 Nxd2 23. Bxd2 Nb6 24. Be1 b4 25. bxc4 Nxc4 26. Qe2 a5
27. f3 Na3 28. Bg3 Ra8 29. e4 fxe4 30. fxe4 Bc4 31. Qd2 Bxf1
32. Rxf1 Qd7 33. d5 Nc4 34. Qd3 exd5 35. exd5 Nd6 36. Rc6 Ne8
37. Qc4 Nf6 38. d6+ Kh8 39. Rc7 h6 40. h3 Rxc7 41. dxc7 Rc8
42. Kh2 Kh7 43. Qc2+ Kg8 44. Rd1 Qe7 45. Qc6 Kh7 46. Qb7 1-0

[Event "Russian Superfinals (Women)"]
[Site "St. Petersburg RUS"]
[Date "2017.12.05"]
[EventDate "2017.12.02"]
[Round "3"]
[Result "1/2-1/2"]
[White "Olga Girya"]
[Black "Natalia Pogonina"]
[WhiteElo "2484"]
[BlackElo "2469"]
[PlyCount "99"]

1. d4 Nf6 2. c4 e6 3. Nf3 d5 4. Nc3 Nbd7 5. Bf4 Bd6 6. Bxd6
cxd6 7. cxd5 Nxd5 8. Nxd5 exd5 9. e3 O-O 10. Bd3 Nf6 11. Nd2
Qb6 12. Qb3 Qa5 13. a3 Bd7 14. Qb4 Qc7 15. O-O a5 16. Qb3 Rfc8
17. a4 Be6 18. Nb1 Qd7 19. Nc3 Ne4 20. Bxe4 dxe4 21. d5 Bf5
22. Rad1 h5 23. Rd4 Qe7 24. Qb5 h4 25. h3 Rc5 26. Qe2 Re8
27. f3 exf3 28. Rxf3 Bh7 29. Qf2 g5 30. g3 hxg3 31. Rxg3 Kh8
32. Rdg4 Rg8 33. h4 gxh4 34. Rxg8+ Bxg8 35. Rg4 Bh7 36. Rxh4
Qg5+ 37. Kh1 Kg7 38. Qf4 Qxf4 39. Rxf4 Bd3 40. Rd4 Bc4 41. Kg2
f5 42. Kf3 Bb3 43. Kf4 Kg6 44. Nb5 Bxd5 45. Nc3 Bc6 46. Rxd6+
Kf7 47. Rh6 Bd7 48. Rd6 Bc6 49. Rh6 Bd7 50. Rd6 1/2-1/2

[Event "Russian Superfinals (Women)"]
[Site "St. Petersburg RUS"]
[Date "2017.12.06"]
[EventDate "2017.12.02"]
[Round "4"]
[Result "1/2-1/2"]
[White "Natalia Pogonina"]
[Black "Alina Kashlinskaya"]
[WhiteElo "2469"]
[BlackElo "2452"]
[PlyCount "64"]

1. d4 Nf6 2. c4 e6 3. Nc3 Bb4 4. e3 O-O 5. Nge2 d5 6. a3 Bd6
7. Ng3 c5 8. dxc5 Bxc5 9. b4 Be7 10. Bb2 dxc4 11. Bxc4 a5
12. Qxd8 Rxd8 13. b5 Nbd7 14. Na4 b6 15. Ke2 Bb7 16. f3 Rac8
17. Rhc1 Nd5 18. Bd4 e5 19. Bxd5 Bxd5 20. Nxb6 Rxc1 21. Rxc1
Be6 22. Nxd7 Bxd7 23. Bb6 Bxb5+ 24. Kf2 Bxa3 25. Bxd8 Bxc1
26. Bxa5 Ba3 27. Bb6 f6 28. e4 g6 29. Nf1 Bc1 30. Ne3 Bxe3+
31. Kxe3 Bf1 32. Kf2 Bb5 1/2-1/2

[Event "Russian Superfinals (Women)"]
[Site "St. Petersburg RUS"]
[Date "2017.12.07"]
[EventDate "2017.12.02"]
[Round "5"]
[Result "1-0"]
[White "Anastasia Bodnaruk"]
[Black "Natalia Pogonina"]
[WhiteElo "2428"]
[BlackElo "2469"]
[PlyCount "117"]

1. e4 e5 2. Nf3 Nc6 3. d4 exd4 4. Nxd4 Bc5 5. Nb3 Bb6 6. Nc3
Nf6 7. Bg5 h6 8. Bh4 d6 9. f3 Be6 10. Bb5 a6 11. Bxc6+ bxc6
12. Qe2 Qb8 13. Bxf6 gxf6 14. O-O-O Ba7 15. Rhe1 Qb4 16. Nd5
cxd5 17. exd5 Qb5 18. dxe6 Qxe2 19. Rxe2 fxe6 20. Rxe6+ Kf7
21. Rde1 Bb6 22. Re7+ Kg6 23. a4 a5 24. Nd2 d5 25. f4 Kf5
26. Nf3 Kxf4 27. Rf1 Rhg8 28. Nd4+ Kg4 29. Nf5 Kh5 30. Ng7+
Kg6 31. Rf3 f5 32. Nxf5 Rae8 33. Rd7 Re1+ 34. Kd2 Rge8
35. Rxd5 R1e4 36. b3 R8e5 37. Rxe5 Rxe5 38. Ne3 Bc5 39. Rg3+
Kf7 40. Kd3 h5 41. Nc4 Rd5+ 42. Ke4 Rd4+ 43. Kf3 Rd5 44. Ke2
Be7 45. Rd3 Rg5 46. Kf3 Ke6 47. g3 c6 48. h3 Rf5+ 49. Kg2 Rg5
50. Ne3 Bd6 51. g4 Bc7 52. Kf3 Rg8 53. Nf5 hxg4+ 54. hxg4 Be5
55. Rd2 Rb8 56. Re2 c5 57. Ne7 Rf8+ 58. Kg2 Rf4 59. Rxe5+ 1-0

[Event "Russian Superfinals (Women)"]
[Site "St. Petersburg RUS"]
[Date "2017.12.09"]
[EventDate "2017.12.02"]
[Round "6"]
[Result "1/2-1/2"]
[White "Natalia Pogonina"]
[Black "Ekaterina Kovalevskaya"]
[WhiteElo "2469"]
[BlackElo "2405"]
[PlyCount "168"]

1. d4 Nf6 2. Nf3 d5 3. c4 e6 4. g3 Bb4+ 5. Bd2 Be7 6. Bg2 O-O
7. O-O c6 8. Qc2 b6 9. Bf4 Nh5 10. Bc1 Nf6 11. Nbd2 Bb7 12. e4
c5 13. exd5 exd5 14. dxc5 bxc5 15. cxd5 Bxd5 16. b3 Nc6
17. Bb2 Nb4 18. Qc3 Ne8 19. Ne5 Bxg2 20. Kxg2 Nf6 21. a3 Qd5+
22. Ndf3 Nc6 23. Rad1 Nd4 24. b4 Qb7 25. bxc5 Bxc5 26. Rxd4
Bxd4 27. Qxd4 Rfd8 28. Qb4 Qd5 29. Ng4 Ne8 30. Ne3 Qe6 31. Qf4
Rab8 32. Ba1 f6 33. Nd4 Qd7 34. Nef5 Nd6 35. Kg1 Nxf5 36. Nxf5
Rb5 37. Qc4+ Kf8 38. Nd4 Rd5 39. Ne2 Rd1 40. Bc3 Rxf1+
41. Kxf1 Qd1+ 42. Kg2 Qd5+ 43. Qxd5 Rxd5 44. Kf3 Kf7 45. Ke4
Rd1 46. h4 a6 47. a4 Rf1 48. f3 Rf2 49. Ke3 Rf1 50. a5 g6
51. Nf4 Rd1 52. g4 f5 53. gxf5 gxf5 54. Nd3 Rh1 55. Be1 Ke6
56. Kf4 Kd5 57. Bf2 Kc4 58. Ne5+ Kb5 59. Bb6 Rxh4+ 60. Kxf5
Rh1 61. f4 h5 62. Nf3 h4 63. Kg4 h3 64. Kg3 Kc6 65. Nh2 Kd5
66. Ng4 Ke6 67. Nf2 Rg1+ 68. Kh2 Rg8 69. Nd3 Rh8 70. Nc5+ Kf5
71. Nxa6 Kg4 72. Nc5 Re8 73. Nd3 Re2+ 74. Nf2+ Kxf4 75. Kxh3
Ke5 76. Nd3+ Kd6 77. Kg4 Kc6 78. Kf5 Kb5 79. Nc1 Re8 80. Nb3
Rb8 81. Nd4+ Ka6 82. Bc7 Rb7 83. Bd8 Rd7 84. Ne6 Rxd8 1/2-1/2

[Event "Russian Superfinals (Women)"]
[Site "St. Petersburg RUS"]
[Date "2017.12.10"]
[EventDate "2017.12.02"]
[Round "7"]
[Result "0-1"]
[White "Alisa Galliamova"]
[Black "Natalia Pogonina"]
[WhiteElo "2443"]
[BlackElo "2469"]
[PlyCount "110"]

1. Nf3 d5 2. g3 Bg4 3. Bg2 c6 4. O-O Nf6 5. c4 e6 6. d3 Nbd7
7. cxd5 exd5 8. Nc3 Bc5 9. Qb3 Qc8 10. e4 dxe4 11. dxe4 O-O
12. Bf4 Re8 13. Qc2 b5 14. Rfe1 Bxf3 15. Bxf3 Ne5 16. Bg2 Bb6
17. a4 a6 18. Be3 Qc7 19. h3 Rad8 20. Bxb6 Qxb6 21. Rad1 Qc5
22. Rxd8 Rxd8 23. Rd1 Rxd1+ 24. Qxd1 h6 25. Qe2 Qd4 26. axb5
axb5 27. Kh2 b4 28. Nd1 g5 29. Ne3 Kh7 30. f3 c5 31. Bf1 c4
32. Nxc4 Nxc4 33. Qxc4 Qxb2+ 34. Bg2 Kg7 35. e5 Nd7 36. f4
gxf4 37. gxf4 Nf8 38. Kg3 Qc3+ 39. Qxc3 bxc3 40. Be4 Ne6
41. Kf2 Nxf4 42. Ke3 Nxh3 43. Bd5 Nf4 44. Bb3 Ng6 45. e6 f5
46. Kd3 Kf6 47. Kxc3 Nf4 48. Kd2 Nxe6 49. Bd5 Ke5 50. Bb7 Kf4
51. Ke2 Kg3 52. Bc8 Ng7 53. Kf1 h5 54. Kg1 h4 55. Bb7 f4 0-1

[Event "Russian Superfinals (Women)"]
[Site "St. Petersburg RUS"]
[Date "2017.12.11"]
[EventDate "2017.12.02"]
[Round "8"]
[Result "1-0"]
[White "Natalia Pogonina"]
[Black "Evgenija Ovod"]
[WhiteElo "2469"]
[BlackElo "2364"]
[PlyCount "73"]

1. d4 e6 2. c4 f5 3. g3 Nf6 4. Bg2 d5 5. Nf3 c6 6. O-O Bd6
7. b3 Qe7 8. a4 a5 9. Ba3 b6 10. Bxd6 Qxd6 11. Nbd2 O-O
12. Qc2 Na6 13. Rfc1 Bb7 14. Ne5 Rac8 15. Ndf3 Ne4 16. Qd3 g5
17. Nd2 c5 18. cxd5 exd5 19. Nxe4 dxe4 20. Qc4+ Kg7 21. Qb5
Rf6 22. Nc4 Qd8 23. Nxa5 bxa5 24. Qxb7+ Rc7 25. Qb5 cxd4
26. Rxc7+ Qxc7 27. Rd1 Nc5 28. Rxd4 Rb6 29. Qc4 Qe7 30. Rd5
Nxb3 31. Rxf5 Rb4 32. Qd5 h6 33. Re5 Qc7 34. Bxe4 Nd2 35. Bc2
Rxa4 36. Kg2 Nc4 37. Re6 1-0

[Event "Russian Superfinals (Women)"]
[Site "St Petersburg RUS"]
[Date "2017.12.12"]
[EventDate "2017.12.02"]
[Round "9"]
[Result "0-1"]
[White "Valentina Gunina"]
[Black "Natalia Pogonina"]
[WhiteElo "2510"]
[BlackElo "2469"]
[PlyCount "42"]

1. e4 e5 2. Nf3 Nc6 3. d4 exd4 4. Nxd4 Nf6 5. Nxc6 bxc6 6. Qe2
d5 7. exd5+ Be7 8. dxc6 O-O 9. Qd3 Re8 10. Be2 Bb4+ 11. Bd2
Bxd2+ 12. Nxd2 Qe7 13. Qe3 Ba6 14. c4 Qd6 15. Qf3 Qe5 16. Rc1
Rad8 17. b3 Bc8 18. Qe3 Qd6 19. Qc3 Bf5 20. Nf1 Ne4 21. Qb2
Qb4+ 0-1

[Event "Russian Superfinals (Women)"]
[Site "St Petersburg RUS"]
[Date "2017.12.13"]
[EventDate "2017.12.02"]
[Round "10"]
[Result "1/2-1/2"]
[White "Natalia Pogonina"]
[Black "Polina Shuvalova"]
[WhiteElo "2469"]
[BlackElo "2385"]
[PlyCount "60"]

1. d4 Nf6 2. c4 e6 3. g3 d5 4. Nf3 Be7 5. Bg2 O-O 6. O-O dxc4
7. Qc2 a6 8. a4 Bd7 9. Qxc4 Bc6 10. Bg5 Bd5 11. Qc1 h6
12. Bxf6 Bxf6 13. Nc3 Bxf3 14. Bxf3 c6 15. e3 a5 16. Ne4 Na6
17. Rd1 Qe7 18. Qc3 Nb4 19. Qc5 Rfd8 20. Nxf6+ Qxf6 21. Be4
Rd7 22. Rac1 Qd8 23. Kh1 Na6 24. Qc3 Nb4 25. Qc5 Na6 26. Qc3
Nb4 27. Qc5 Na6 28. Qc3 Nb4 29. Qc5 Na6 30. Qc3 Nb4 1/2-1/2

[Event "Russian Superfinals (Women)"]
[Site "St Petersburg RUS"]
[Date "2017.12.14"]
[EventDate "2017.12.02"]
[Round "11"]
[Result "1/2-1/2"]
[White "Oksana Gritsayeva"]
[Black "Natalia Pogonina"]
[WhiteElo "2373"]
[BlackElo "2469"]
[PlyCount "82"]

1. e4 e5 2. Nf3 Nc6 3. Bb5 a6 4. Bxc6 dxc6 5. O-O Qf6 6. d4
exd4 7. Bg5 Qd6 8. Nxd4 Bd7 9. Nc3 Ne7 10. Bh4 O-O-O 11. Bg3
Qf6 12. Qh5 Qxd4 13. Qa5 Qb6 14. Qxb6 cxb6 15. Na4 Nd5
16. exd5 Bc5 17. Nxc5 bxc5 18. Rad1 Rhe8 19. f3 cxd5 20. Rxd5
b6 21. Rfd1 Bf5 22. Rxd8+ Rxd8 23. Rxd8+ Kxd8 24. c3 Bb1
25. a3 Kd7 26. Kf2 Kc6 27. Ke3 Kd5 28. Bc7 b5 29. h4 Bc2
30. Bd8 Bb3 31. Be7 Bc4 32. Bf8 g6 33. Kf4 Bf1 34. g4 Be2
35. Ke3 Bd1 36. b4 cxb4 37. axb4 Ke5 38. Bg7+ Kd5 39. Kf4 Be2
40. Ke3 Bd1 41. Kf4 Be2 1/2-1/2

[Event "Russian Superfinals (Women's Tiebreak)"]
[Site "St. Petersburg RUS"]
[Date "2017.12.14"]
[EventDate "2017.12.14"]
[Round "1"]
[Result "0-1"]
[White "Natalia Pogonina"]
[Black "Aleksandra Goryachkina"]
[WhiteElo "2469"]
[BlackElo "2486"]
[PlyCount "104"]

1. d4 d5 2. c4 c6 3. e3 Nf6 4. Nc3 e6 5. Nf3 Nbd7 6. Qc2 Bd6
7. Bd3 O-O 8. O-O dxc4 9. Bxc4 e5 10. Bb3 a5 11. a3 Qe7
12. dxe5 Nxe5 13. Nd4 c5 14. Nf5 Bxf5 15. Qxf5 c4 16. Bc2 g6
17. Qg5 Neg4 18. h3 Ne5 19. Ne4 Nxe4 20. Qxe7 Bxe7 21. Bxe4
Rfd8 22. Bxb7 Rab8 23. Be4 f5 24. Bc2 Bf6 25. Rb1 Rd7 26. Rd1
Rxd1+ 27. Bxd1 Nd3 28. Be2 a4 29. Kf1 Kf7 30. Bd2 Rxb2
31. Bxd3 cxd3 32. Rxb2 Bxb2 33. Bb4 Ke6 34. Ke1 Kd5 35. Kd2
Kc4 36. f3 Be5 37. g4 Bc7 38. gxf5 gxf5 39. Kd1 Be5 40. Kd2
Bb2 41. Bd6 Bc3+ 42. Kd1 Kb3 43. Bc5 Bb2 44. e4 fxe4 45. fxe4
Bxa3 46. Bxa3 Kxa3 47. e5 Kb3 48. e6 a3 49. e7 a2 50. e8=Q
a1=Q+ 51. Kd2 Qc3+ 52. Kd1 Qc2+ 0-1